00498nam a2200157 i 4500001000300000100002600003245006200029260002100091040000800112041000800120942000700128008004100135999001700176856009800193952004900291bg1 aJANKOWSKI, Aleksander 0aElementy systemów przetwarzania danych /cA. Jankowski. aGdańsk,c1980. cBPK apol cKS s pl f |000 0 pol  c20037d20037 uhttp://koha.tu.koszalin.pl/cgi-bin/koha/opac-detail.pl?biblionumber=20037yKatalog online BPK 00104070aBPKbBPKcwo28278p01658101yKS